Normal view
MARC view
- Uzair Nasir (00000202991)
Entry Personal Name
001 - CONTROL NUMBER
- control field: 116515
003 - CONTROL NUMBER IDENTIFIER
- control field: NUST
005 - DATE AND TIME OF LATEST TRANSACTION
- control field: 20230912165959.0
008 - FIXED-LENGTH DATA ELEMENTS
- fixed length control field: 230912|| aca||aabn | a|a d
040 ## - CATALOGING SOURCE
- Original cataloging agency: NUST
- Transcribing agency: NUST
100 ## - HEADING--PERSONAL NAME
- Personal name: Uzair Nasir (00000202991)
670 ## - SOURCE DATA FOUND
- Source citation: Work cat.: (NUST): Uzair Nasir (00000202991), Improving Photovoltaic Module Efficiency Using Back-side Water Cooling Technique /, 2020
